1500 1122 1126 1019 1578 1678 1397 1008 1613 1779 1420 1448 1274 1999 1992 1999 1976 1335 1761 1042 1817 1308 1043 1959 1487 1904 1014 1559 1108 1441 1166 1591 1561 1243 1280 1661 1006 1311 1284 1707 1006 1679 1961 1309 1797 1170 1189 1105 1687 1071 1634 1064 1701 1690 1645 1757 1006 1673 1675 1037 1732 1435 1969 1672 1889 1623 1476 1163 1062 1162 1250 1359 1356 1223 1014 1503 1468 1668 1479 1091 1083 1892 1401 1736 1908 1171 1817 1414 1564 1204 1899 1324 1646 1802 1331 1494 1607 1974 1440 BCNSPRNW ULIB Ver.6.0+V

เปลี่ยนเป็นภาษาไทย

Change to English
 แสดงรายละเอียดบรรณานุกรม
  กลับหน้าหลัก

Brief Record : Get Marc (ISO 2709) : E-mail record : QR code < ปิดหน้าต่าง
LEADER : 00000nam 2200000uu 4500
001    13399109753
003     ULIB
008    110410s2552||||th 000 0 tha d
020    9789748377629
060 04 WC100^bร924U 2552
245 00 Update on pediatrie infectious diseases^n2009 /^cอังกรู เกิดพานิช, บรรณาธิการ ... [และคนอื่นๆ]
250    พิมพ์ครั้งที่ 1
260    กรุงเทพฯ :^bสมาคมโรคติดเชื้อในเด็กแห่งประเทศไทย,^c2552
300    IV, 167 หน้า :^bภาพประกอบ ;^c26 ซม.
650  7 กุมารเวชศาสตร์
650  7 โรคติดต่อ^xในวัยทารกและวัยเด็ก
650  7 โรคติดต่อ^xการควบคุม
700 0  อังกรู เกิดพานิช,^eบรรณธิการ
710 2  สมาคมโรคติดเชื้อในเด็กแห่งประเทศไทย
945    ^p400^l0^i025992
945    ^p400^l0^i025990
945    ^p400^l0^i025989
945    ^p400^l0^i025540
945    ^p400^l0^i025539
945    ^p400^l0^i025991
945    ^p400^l0^i025538
995    ทศพร
999 ^a ใช้งานได้ทุกระบบ
รายการนี้ยังไม่มีแท็ก
คุณยังไม่ได้ล็อกอิน คุณสามารถมีกิจกรรมร่วมกับเว็บไซต์ได้ แต่ต้องล็อกอินก่อน ::
  ล็อกอิน

รายการสื่อสารสนเทศ

ลำดับที่ ประเภท เลขเรียก/บาร์โค้ด สถานที่ สถานะ
- ไม่พบข้อมูล -

รายการใกล้เคียง
    หัวเรื่อง [กุมารเวชศาสตร์]

BibComment


ยังไม่เคยถูกคอมเมนท์

คอมเมนท์ทรัพยากรรายการนี้
  คอมเมนท์: Update on pediatr..


 Copyright 2026. Bcnsprnw @Library